| 000 | 00424nam a2200133Ia 4500 | ||
|---|---|---|---|
| 008 | 170221s9999 xx 000 0 und d | ||
| 100 | _aJessica Tyndall | ||
| 245 | 4 | _aThe Delaware Arbitration Experiment: Not Just a “Secret Court” | |
| 245 | _cJessica Tyndall | ||
| 260 | _c2015 | ||
| 300 | _a4 : 4 | ||
| 650 | _xBusiness | ||
| 856 | _uhttp://digitalcommons.pepperdine.edu/cgi/viewcontent.cgi?article=1099&context=jbel | ||
| 999 |
_c313577 _d313577 |
||